Bosquejo histórico, político y económico de la provincia de córdoba /
Guardado en:
| Autor Principal: | |
|---|---|
| Formato: | Libro |
| Publicado: |
Buenos Aires :
J. Alsina,
1989
|
| Materias: | |
| Etiquetas: |
Agregar Etiqueta
Sin Etiquetas, Sea el primero en etiquetar este registro!
|
| LEADER | 00513nam a22001695a 4500 | ||
|---|---|---|---|
| 001 | CEM.cems000353 | ||
| 005 | 20060210000000.0 | ||
| 008 | 130507s1989##################000#0#####d | ||
| 003 | CEMS | ||
| 082 | 0 | 4 | |a 918.25 |
| 100 | 1 | |a Albarracin, Santiago J | |
| 245 | 1 | 0 | |a Bosquejo histórico, político y económico de la provincia de córdoba / |
| 260 | |a Buenos Aires : |b J. Alsina, |c 1989 | ||
| 300 | |a 434 | ||
| 653 | |a Geografia | ||
| 653 | |a Geografia de cordoba | ||
| 859 | |a CEMS |b BIB. CEMS - 11 de abril |h 918.25 |i AL13 |p 11697.83 |t Ej.1 | ||
